Rituals and Practices of Tantra : (Record no. 605745)

MARC details
000 -LEADER
fixed length control field 00499nam a2200193 a 4500
008 - FIXED-LENGTH DATA ELEMENTS--GENERAL INFORMATION
fixed length control field 251227s2002##################000#0#eng##
020 ## - INTERNATIONAL STANDARD BOOK NUMBER
ISBN 9788177551563
082 04 - DEWEY DECIMAL CLASSIFICATION NUMBER
Classification number 203.8
Item number GAU
100 1# - MAIN ENTRY--AUTHOR NAME
Personal name Shastri, Gaurinath Bhattacharyya,
245 10 - TITLE STATEMENT
Title Rituals and Practices of Tantra :
260 ## - PUBLICATION, DISTRIBUTION, ETC. (IMPRINT)
Year of publication 2002.
300 ## - PHYSICAL DESCRIPTION
Number of Pages 320 pages
650 #0 - SUBJECT ADDED ENTRY--TOPICAL TERM
Topical Term Tantrism.
942 ## - ADDED ENTRY ELEMENTS (KOHA)
Koha item type English Books
Holdings
Withdrawn status Lost status Damaged status Not for loan Home library Current library Shelving location Date acquired Full call number Accession Number Price effective from Koha item type
        Anna Centenary Library Anna Centenary Library 3RD FLOOR, B WING 29.12.2025 203.8 GAU 395489 29.12.2025 English Books

Find us on the map